[Event "FRA-chT1A 0809"]
[Site "France"]
[Date "2008.11.08"]
[Round "2.5"]
[White "Vesin, Jean Robert"]
[Black "Esprit, Yohann"]
[Result "0-1"]
[WhiteElo "2247"]
[BlackElo "2202"]
[PlyCount "56"]
[EventDate "2008.10.19"]
[EventType "team-tourn"]
[EventRounds "11"]
[EventCountry "FRA"]
[SourceTitle "EXT 2010"]
[Source "ChessBase"]
[SourceDate "2010.11.25"]
[SourceVersion "1"]
[SourceVersionDate "2010.11.25"]
[SourceQuality "1"]
[WhiteTeam "Besancon TPG"]
[BlackTeam "Creteil"]
[WhiteTeamCountry "FRA"]
[BlackTeamCountry "FRA"]

1. c4 f5 2. g3 Nf6 3. Bg2 g6 4. Nf3 Bg7 5. 0-0 0-0 6. Nc3 d6 7. d4 Qe8 8. e4 fxe4 9. Ng5 e5 10. dxe5 Qxe5 11. Bf4 Qe8 12. Nd5 Qd8 13. c5 Nc6 14. cxd6 cxd6 15. Qb3 Kh8 16. Rad1 h6 17. Nxe4 Nxe4 18. Bxe4 g5 19. Bxd6 Qxd6 20. Nf4 Nd4 21. Rxd4 Bxd4 22. Ng6+ Kg7 23. Nxf8 Qxf8 24. Rc1 Bb6 25. Qd5 Qf6 26. Bd3 Qe7 27. h4 Bd7 28. h5 Rf8 0-1

[Event "FRA-chT1B 0708"]
[Site "France"]
[Date "2007.11.24"]
[Round "2.5"]
[White "Esprit, Yohann"]
[Black "Fargere, Francois"]
[Result "1/2-1/2"]
[WhiteElo "2206"]
[BlackElo "2325"]
[PlyCount "92"]
[EventDate "2007.10.21"]
[EventType "team"]
[EventRounds "11"]
[EventCountry "FRA"]
[SourceTitle "EXT 2009"]
[Source "ChessBase"]
[SourceDate "2008.11.26"]
[SourceVersion "1"]
[SourceVersionDate "2008.11.26"]
[SourceQuality "1"]
[WhiteTeam "Creteil"]
[BlackTeam "Mulhouse II"]
[WhiteTeamCountry "FRA"]
[BlackTeamCountry "FRA"]

1. e4 c5 2. Nf3 d6 3. c3 Nf6 4. Be2 Bg4 5. 0-0 e6 6. h3 Bh5 7. Re1 Be7 8. d4 cxd4 9. cxd4 0-0 10. Nc3 d5 11. exd5 Nxd5 12. Qb3 Nb6 13. Be3 Nc6 14. d5 Nxd5 15. Rad1 Na5 16. Qa4 a6 17. Nxd5 exd5 18. b4 Nc6 19. b5 axb5 20. Qxb5 Nb4 21. Bb6 Qb8 22. Nd4 Bg6 23. Bf3 Bd6 24. a4 Re8 25. a5 Nd3 26. Rxe8+ Qxe8 27. Qxe8+ Rxe8 28. Bxd5 Re7 29. Nb5 Bb4 30. Bc4 Rd7 31. Nd4 Nb2 32. Bb5 Rd5 33. Rc1 h5 34. Rc8+ Kh7 35. Rd8 Rxd8 36. Bxd8 Bd3 37. Be8 Kg8 38. Bd7 Ba6 39. Nb3 Bc4 40. Nd4 Ba6 41. Nc2 Bc3 42. Ne3 Nd3 43. Bb6 Nc1 44. Nd5 Bd2 45. Nc7 Bc4 46. Bc8 Nb3 1/2-1/2

[Event "FRA-chT2O 0203"]
[Site "France"]
[Date "2002.10.13"]
[Round "1.6"]
[White "Esprit, Yohann"]
[Black "Rapinel, Franck"]
[Result "1-0"]
[WhiteElo "2164"]
[BlackElo "2201"]
[PlyCount "87"]
[EventDate "2002.10.??"]
[EventType "team"]
[EventRounds "11"]
[EventCountry "FRA"]
[SourceTitle "EXT 2004"]
[Source "ChessBase"]
[SourceDate "2003.11.25"]
[SourceVersion "1"]
[SourceVersionDate "2003.11.25"]
[SourceQuality "1"]
[WhiteTeam "Nancy II"]
[BlackTeam "Chalons en Champagne"]
[WhiteTeamCountry "FRA"]
[BlackTeamCountry "FRA"]

1. d4 Nf6 2. Nf3 g6 3. c4 Bg7 4. Nc3 d5 5. e3 0-0 6. h3 b6 7. Bd3 Bb7 8. 0-0 dxc4 9. Bxc4 Nbd7 10. a4 c5 11. d5 Ne8 12. e4 Nd6 13. Bd3 e5 14. a5 c4 15. Bc2 Nc5 16. Re1 Qc7 17. Na4 Nxa4 18. Rxa4 b5 19. Ra1 Rae8 20. Be3 Bc8 21. Nd2 f5 22. f3 Bf6 23. Bf2 Bg5 24. Nf1 Bd7 25. exf5 gxf5 26. b3 Rf7 27. bxc4 Nxc4 28. Bb3 Nd6 29. Ra2 Rg7 30. a6 Kh8 31. Kh1 Bd8 32. Rc2 Qb8 33. Qa1 Bf6 34. Qa5 Reg8 35. g3 Bd8 36. Qc3 Bf6 37. Qc7 Qxc7 38. Rxc7 Bc8 39. Rc6 Rd8 40. Rec1 Rgd7 41. Bc5 Bg5 42. f4 exf4 43. Bxd6 Rxd6 44. Rxd6 1-0

[Event "FRA-ch U20"]
[Site "Hyeres"]
[Date "2002.??.??"]
[Round "5.4"]
[White "Le Roux, Jean Pierre"]
[Black "Esprit, Yohann"]
[Result "1-0"]
[WhiteElo "2325"]
[BlackElo "2143"]
[PlyCount "37"]
[EventDate "2002.04.05"]
[EventType "swiss"]
[EventRounds "9"]
[EventCountry "FRA"]
[SourceTitle "EXT 2003"]
[Source "ChessBase"]
[SourceDate "2002.11.25"]
[SourceVersion "1"]
[SourceVersionDate "2002.11.25"]
[SourceQuality "1"]

1. d4 f5 2. e4 fxe4 3. Nc3 Nf6 4. f3 d5 5. fxe4 dxe4 6. Bc4 Nc6 7. Nge2 e5 8. Bg5 Bg4 9. 0-0 Nxd4 10. Qe1 Bxe2 11. Nxe2 Bc5 12. Kh1 Qe7 13. Ng3 Nxc2 14. Bxf6 gxf6 15. Qxe4 Nxa1 16. Qxb7 Kd7 17. Nf5 Nc2 18. Nxe7 Bxe7 19. Bb5+ 1-0

[Event "FRA-ch U20"]
[Site "Hyeres"]
[Date "2002.??.??"]
[Round "3.5"]
[White "Wirig, Anthony"]
[Black "Esprit, Yohann"]
[Result "1-0"]
[WhiteElo "2304"]
[BlackElo "2143"]
[PlyCount "47"]
[EventDate "2002.04.05"]
[EventType "swiss"]
[EventRounds "9"]
[EventCountry "FRA"]
[SourceTitle "EXT 2003"]
[Source "ChessBase"]
[SourceDate "2002.11.25"]
[SourceVersion "1"]
[SourceVersionDate "2002.11.25"]
[SourceQuality "1"]

1. c4 Nf6 2. g3 c6 3. b3 g6 4. Bb2 Bg7 5. Bg2 0-0 6. d3 d6 7. Nd2 e5 8. Ngf3 a5 9. c5 Ne8 10. Qc1 f6 11. d4 exd4 12. Bxd4 d5 13. 0-0 Nc7 14. e4 Bg4 15. Re1 dxe4 16. Nxe4 Nb5 17. Bxf6 Rxf6 18. Nxf6+ Qxf6 19. Qc4+ Qf7 20. Qxg4 Bxa1 21. Qc8+ Kg7 22. Ng5 Qd7 23. Ne6+ Kf6 24. Qh8+ 1-0

[Event "FRA-chT2"]
[Site "France"]
[Date "2001.12.??"]
[Round "4"]
[White "Esprit, Yohann"]
[Black "Rapinel, Franck"]
[Result "1-0"]
[WhiteElo "2143"]
[BlackElo "2199"]
[PlyCount "69"]
[EventDate "2002.??.??"]
[EventType "team"]
[EventRounds "11"]
[EventCountry "FRA"]
[SourceTitle "EXT 2003"]
[Source "ChessBase"]
[SourceDate "2002.11.25"]
[SourceVersion "1"]
[SourceVersionDate "2002.11.25"]
[SourceQuality "1"]

1. e4 e6 2. d4 d5 3. Nc3 Bb4 4. Bd3 c5 5. a3 Ba5 6. exd5 cxd4 7. b4 dxc3 8. bxa5 Qxd5 9. Qg4 Nd7 10. Ne2 Ngf6 11. Qb4 b6 12. axb6 a5 13. Qxc3 0-0 14. Be3 e5 15. Rd1 Qb7 16. 0-0 e4 17. Bb5 Nxb6 18. Bc6 Qc7 19. Bxa8 Qxc3 20. Nxc3 Nxa8 21. Nd5 Nxd5 22. Rxd5 a4 23. Rfd1 Nc7 24. Rd8 Ne6 25. Rxf8+ Kxf8 26. c4 Ke8 27. c5 Bd7 28. h4 g6 29. Rd6 Ke7 30. Rb6 f5 31. Bg5+ Nxg5 32. hxg5 Kd8 33. g3 Kc7 34. Kf1 Bc6 35. Ke2 1-0

[Event "FRA-chT2"]
[Site "France"]
[Date "2001.10.??"]
[Round "1"]
[White "Esprit, Yohann"]
[Black "Rehm, Bernard"]
[Result "1/2-1/2"]
[WhiteElo "2143"]
[BlackElo "2089"]
[PlyCount "115"]
[EventDate "2002.??.??"]
[EventType "team"]
[EventRounds "11"]
[EventCountry "FRA"]
[SourceTitle "EXT 2003"]
[Source "ChessBase"]
[SourceDate "2002.11.25"]
[SourceVersion "1"]
[SourceVersionDate "2002.11.25"]
[SourceQuality "1"]

1. e4 e6 2. Nc3 d5 3. d4 Nf6 4. Bg5 Be7 5. e5 Nfd7 6. h4 a6 7. Qg4 Bxg5 8. hxg5 c5 9. g6 f5 10. Qf4 h6 11. Nf3 0-0 12. 0-0-0 Nc6 13. dxc5 Nxc5 14. Bc4 Qe8 15. Be2 Qxg6 16. Nh4 Qf7 17. Nf3 Ne4 18. Qe3 b5 19. Qb6 Bd7 20. g3 b4 21. Nb1 a5 22. Qe3 a4 23. Nd4 f4 24. gxf4 Qxf4 25. Nxc6 Bxc6 26. Rdg1 Kh8 27. Qxf4 Rxf4 28. f3 Nc5 29. a3 Nd7 30. axb4 Rxb4 31. Rg4 Rxg4 32. fxg4 Nxe5 33. g5 Nf7 34. gxh6 Nxh6 35. Rh5 Kg8 36. Re5 Kf7 37. Nc3 a3 38. bxa3 Rxa3 39. Kb2 Ra8 40. Rh5 Rb8+ 41. Kc1 d4 42. Nd1 Kf6 43. Nf2 e5 44. Bd3 Bd5 45. Kd2 Rc8 46. Rh4 Nf7 47. Rh5 Rh8 48. Rxh8 Nxh8 49. c3 dxc3+ 50. Kxc3 Kg5 51. Kd2 Kf4 52. Bb5 Nf7 53. Nd3+ Kg3 54. Bd7 g5 55. Ke3 g4 56. Bxg4 Kxg4 57. Nxe5+ Nxe5 58. Kd4 1/2-1/2

[Event "Paris-ch op"]
[Site "Paris"]
[Date "2001.07.22"]
[Round "2"]
[White "Touzane, Olivier"]
[Black "Esprit, Yohann"]
[Result "1-0"]
[WhiteElo "2382"]
[BlackElo "2164"]
[PlyCount "91"]
[EventDate "2001.07.21"]
[EventType "swiss"]
[EventRounds "9"]
[EventCountry "FRA"]
[SourceTitle "CBM 083 Extra"]
[Source "ChessBase"]
[SourceDate "2001.09.11"]
[SourceVersion "1"]
[SourceVersionDate "2001.09.11"]
[SourceQuality "1"]

1. d4 d6 2. c4 Nf6 3. Nc3 Nbd7 4. e4 e5 5. Nf3 c6 6. Be2 Be7 7. 0-0 0-0 8. d5 h6 9. Be3 Re8 10. Nd2 Nh7 11. f3 Ndf8 12. b4 f5 13. c5 f4 14. Bf2 g5 15. Nc4 dxc5 16. bxc5 Ng6 17. Qb3 cxd5 18. exd5 Kg7 19. Rad1 g4 20. fxg4 Bh4 21. g3 e4 22. gxh4 f3 23. d6 fxe2 24. Nxe2 Be6 25. Qxb7+ Kg8 26. Bd4 Qd7 27. Qxd7 Bxd7 28. h5 Nh4 29. Kf2 Ng5 30. Kg3 Nhf3 31. Be3 Bb5 32. Rc1 Rf8 33. Nf4 Rab8 34. h4 Nh7 35. Ng6 Rf7 36. Ne7+ Kf8 37. Bxh6+ Ke8 38. Rb1 Nd4 39. Rxf7 Kxf7 40. a4 Ne2+ 41. Kf2 Nc3 42. Rb4 Nf6 43. Ne5+ Ke6 44. axb5 e3+ 45. Bxe3 Rf8 46. Kg2 1-0

[Event "Montpellier op-B"]
[Site "Montpellier"]
[Date "2001.??.??"]
[Round "5.1"]
[White "Dezan, Pierre"]
[Black "Esprit, Yohann"]
[Result "0-1"]
[WhiteElo "2154"]
[BlackElo "2164"]
[PlyCount "86"]
[EventDate "2001.??.??"]
[EventType "swiss"]
[EventRounds "7"]
[EventCountry "FRA"]
[SourceTitle "EXT 2003"]
[Source "ChessBase"]
[SourceDate "2002.11.25"]
[SourceVersion "1"]
[SourceVersionDate "2002.11.25"]
[SourceQuality "1"]

1. Nf3 g6 2. g3 Bg7 3. d4 d6 4. Bg2 f5 5. 0-0 Nf6 6. b3 0-0 7. Bb2 a5 8. a3 Ne4 9. e3 Nc6 10. c4 Qe8 11. Nc3 Nxc3 12. Bxc3 e5 13. b4 h6 14. b5 Nd8 15. dxe5 dxe5 16. Qd2 c5 17. e4 fxe4 18. Qd5+ Kh7 19. Qxe4 Bf5 20. Qe3 Nf7 21. Rad1 Be6 22. Nh4 Ng5 23. Bd5 Rd8 24. Qxc5 Rxd5 25. cxd5 Bd7 26. a4 Nh3+ 27. Kh1 g5 28. Ng2 Qf7 29. f4 gxf4 30. gxf4 exf4 31. Bxg7 Qxg7 32. Qd4 Qg5 33. Rde1 Rg8 34. Qe4+ Bf5 35. Qe7+ Rg7 36. Qxg5 hxg5 37. d6 Kg6 38. Rf3 Rd7 39. Rc3 Rxd6 40. Rc4 Nf2+ 41. Kg1 Nh3+ 42. Kh1 f3 43. Ne3 Re6 0-1

[Event "Cannes op"]
[Site "Cannes"]
[Date "2000.02.25"]
[Round "6"]
[White "Ricci, Marco"]
[Black "Esprit, Yohann"]
[Result "1-0"]
[WhiteElo "2162"]
[BlackElo "2076"]
[PlyCount "47"]
[EventDate "2000.02.20"]
[EventType "swiss"]
[EventRounds "9"]
[EventCountry "FRA"]
[SourceTitle "EXT 2001"]
[Source "ChessBase"]
[SourceDate "2000.11.22"]
[SourceVersion "1"]
[SourceVersionDate "2000.11.22"]
[SourceQuality "1"]

1. e4 c5 2. Nf3 Nc6 3. d4 cxd4 4. Nxd4 g6 5. c4 Bg7 6. Be3 Nf6 7. Nc3 Ng4 8. Qxg4 Nxd4 9. Qd1 e5 10. Nb5 0-0 11. Qd2 Nxb5 12. cxb5 Qh4 13. Bd3 Qg4 14. 0-0 b6 15. Bc4 Bb7 16. f3 Qh5 17. Bg5 Rac8 18. Rac1 d5 19. Bxd5 Rxc1 20. Rxc1 Bc8 21. Bxf7+ Kh8 22. Be7 Bh6 23. Bf6+ Bg7 24. Qd6 1-0

[Event "Toulon op 5th"]
[Site "Toulon"]
[Date "1999.10.31"]
[Round "2"]
[White "Esprit, Yohann"]
[Black "Boudre, Jean Pierre"]
[Result "0-1"]
[WhiteElo "2083"]
[BlackElo "2397"]
[PlyCount "146"]
[EventDate "1999.10.??"]
[EventType "swiss"]
[EventRounds "9"]
[EventCountry "FRA"]
[SourceTitle "CBM 073 Extra"]
[Source "ChessBase"]
[SourceDate "2000.01.11"]
[SourceVersion "1"]
[SourceVersionDate "2000.01.11"]
[SourceQuality "1"]

1. e4 d5 2. exd5 Qxd5 3. Nc3 Qd6 4. d4 Nf6 5. Nge2 Bf5 6. Bf4 Qd7 7. Qd2 e6 8. a3 Nc6 9. 0-0-0 0-0-0 10. f3 Be7 11. g4 Bg6 12. h4 h6 13. Be3 Bd6 14. Nb5 Nd5 15. Nxd6+ Qxd6 16. Bf2 Nb6 17. Nf4 Bh7 18. Bb5 a6 19. Be2 Qe7 20. Rhe1 g5 21. Nh3 gxh4 22. Bf1 Qf6 23. Qf4 Qg7 24. Bxh4 Nd5 25. Qd2 Rd6 26. c4 Nb6 27. d5 Na4 28. Nf4 Na5 29. Re3 Rb6 30. Qd4 Qxd4 31. Rxd4 Rxb2 32. Kd1 Nc5 33. Ke1 Re8 34. Nh5 Bg6 35. Nf4 b6 36. Bf6 Bh7 37. Rd1 Rc2 38. dxe6 fxe6 39. Bc3 Nc6 40. Bb4 e5 41. Bxc5 bxc5 42. Nd5 Rf8 43. Rd2 Nd4 44. Be2 e4 45. fxe4 Rc1+ 46. Bd1 Nf3+ 47. Rxf3 Rxf3 48. Ne7+ Kb7 49. Rb2+ Ka8 50. Nc6 Rf8 51. Kd2 Rxd1+ 52. Kxd1 Bxe4 53. Ne5 Re8 54. Nf7 Bf3+ 55. Kd2 Re2+ 56. Kc3 Rxb2 57. Kxb2 Bxg4 58. Nxh6 Be6 59. Kc3 Kb7 60. Kd3 Kb6 61. Ke4 Ka5 62. Ke5 Bxc4 63. Nf5 Ka4 64. Ne3 Bb3 65. Ke4 Kxa3 66. Kd3 Kb2 67. Kd2 a5 68. Ng4 c4 69. Nf2 c3+ 70. Ke3 Bc2 71. Kd4 a4 72. Ng4 Bd1 73. Ne3 Be2 0-1

[Event "FRA-ch U18"]
[Site "Romans"]
[Date "1999.??.??"]
[Round "?"]
[White "Esprit, Yohann"]
[Black "Vallin, Guillaume"]
[Result "0-1"]
[WhiteElo "2060"]
[BlackElo "2363"]
[PlyCount "58"]
[EventDate "1999.04.11"]
[EventType "swiss"]
[EventRounds "9"]
[EventCountry "FRA"]
[SourceTitle "EXT 2000"]
[Source "ChessBase"]
[SourceDate "1999.11.16"]
[SourceVersion "1"]
[SourceVersionDate "1999.11.16"]
[SourceQuality "1"]

1. e4 e6 2. d4 d5 3. Nc3 Nf6 4. Bg5 Be7 5. e5 Nfd7 6. h4 a6 7. Nce2 c5 8. c3 f6 9. Nf4 Qb6 10. Qh5+ Kd8 11. Qf7 Nxe5 12. Qxg7 Rf8 13. dxe5 fxg5 14. Nd3 c4 15. 0-0-0 cxd3 16. Bxd3 gxh4 17. Nh3 Nc6 18. Rhe1 Bd7 19. f4 Kc7 20. Bxh7 Rad8 21. f5 Kb8 22. Nf4 d4 23. f6 dxc3 24. b3 Ba3+ 25. Kb1 Nd4 26. Bc2 Nxc2 27. Kxc2 Qf2+ 28. Re2 Qxf4 29. Rxd7 Qc1+ 0-1